[Event "WGM Marmaris Cleopatra 2018"]
[Site "Mentese Mugla"]
[Date "2018.10.26"]
[Round "2.10"]
[White "Zozulia, Anna"]
[Black "Isgandarova, Khayala"]
[Result "1-0"]
[WhiteElo "2292"]
[BlackElo "2194"]
[Annotator "NA"]
[PlyCount "109"]
[EventDate "2018.10.26"]
[EventType "tourn"]
[EventCountry "TUR"]
[SourceTitle "playchess.com"]
[Source "ChessBase"]
[SourceQuality "1"]
[TimeControl "5400+30"]

1. e4 {[%emt 0:00:30]} e6 {[%emt 0:00:30]} 2. d4 {[%emt 0:00:00]} d5 {[%emt 0:00:00]} 3. Nd2 {[%emt 0:00:00]} c5 {[%emt 0:00:00]} 4. Ngf3 {[%emt 0:01:30]} Nf6 {[%emt 0:01:30]} 5. exd5 {[%emt 0:00:30]} Nxd5 {[%emt 0:02:30]} 6. Nb3 {[%emt 0:24:30]} Nd7 {[%emt 0:06:30]} 7. c4 {[%emt 0:03:30]} N5f6 {[%emt 0:01:30]} 8. dxc5 {[%emt 0:07:30]} Qc7 {[%emt 0:02:30]} 9. c6 {[%emt 0:04:30]} bxc6 {[%emt 0:03:30]} 10. Be2 {[%emt 0:01:30]} c5 {[%emt 0:00:30]} 11. O-O {[%emt 0:00:30]} Bb7 {[%emt 0:00:30]} 12. Bg5 {[%emt 0:06:30]} Bd6 {[%emt 0:01:30]} 13. Bh4 {[%emt 0:14:30]} Ne4 {[%emt 0:09:30]} 14. Nbd2 {[%emt 0:09:30]} f5 {[%emt 0:04:30]} 15. Nxe4 {[%emt 0:03:12]} Bxe4 {[%emt 0:00:30]} 16. h3 {[%emt 0:09:37]} h6 {[%emt 0:27:30]} 17. Nd2 {[%emt 0:00:49]} Bc6 {[%emt 0:06:30]} 18. Bh5+ {[%emt 0:02:51]} Kf8 {[%emt 0:00:00]} 19. Qe2 {[%emt 0:00:48]} Be5 {[%emt 0:05:00]} 20. f4 {[%emt 0:06:08]} g5 {[%emt 0:06:16]} 21. fxe5 {[%emt 0:01:15]} gxh4 {[%emt 0:00:06]} 22. Rae1 {[%emt 0:00:40]} Rg8 {[%emt 0:01:52]} 23. Bf3 {[%emt 0:00:05]} Rb8 {[%emt 0:11:53]} 24. b3 {[%emt 0:00:10]} Kg7 {[%emt 0:02:04]} 25. Bxc6 {[%emt 0:00:39]} Qxc6 {[%emt 0:00:03]} 26. Nf3 {[%emt 0:00:56]} Kh7 {[%emt 0:00:09]} 27. Rd1 {[%emt 0:00:25]} Nf8 {[%emt 0:00:40]} 28. Rd6 {[%emt 0:00:30]} Qe4 {[%emt 0:01:49]} 29. Qxe4 {[%emt 0:00:30]} fxe4 {[%emt 0:00:03]} 30. Nxh4 {[%emt 0:00:04]} Rg5 {[%emt 0:00:03]} 31. Re1 {[%emt 0:01:01]} Rxe5 {[%emt 0:01:30]} 32. Nf3 {[%emt 0:00:03]} Rf5 {[%emt 0:00:20]} 33. Rxe4 {[%emt 0:00:05]} Rb7 {[%emt 0:00:03]} 34. Re5 {[%emt 0:00:20]} Rxe5 {[%emt 0:01:08]} 35. Nxe5 {[%emt 0:00:04]} Rc7 {[%emt 0:03:07]} 36. Kf2 {[%emt 0:00:07]} Kg7 {[%emt 0:00:16]} 37. Rc6 {[%emt 0:01:20]} Rxc6 {[%emt 0:00:29]} 38. Nxc6 {[%emt 0:00:03]} a6 {[%emt 0:00:36]} 39. Nb8 {[%emt 0:00:04]} a5 {[%emt 0:00:46]} 40. Nc6 {[%emt 0:00:20]} Kf6 {[%emt 0:00:42]} 41. Nxa5 {[%emt 0:00:16]} Ke5 {[%emt 0:00:05]} 42. Ke3 {[%emt 0:01:48]} Ng6 {[%emt 0:01:30]} 43. Nb7 {[%emt 0:00:51]} Nf4 {[%emt 0:00:38]} 44. g3 {[%emt 0:00:50]} Nxh3 {[%emt 0:00:45]} 45. Nxc5 {[%emt 0:00:03]} Kd6 {[%emt 0:00:13]} 46. Ne4+ {[%emt 0:00:08]} Kc6 {[%emt 0:00:26]} 47. b4 {[%emt 0:00:08]} e5 {[%emt 0:00:27]} 48. a4 {[%emt 0:00:05]} Kb6 {[%emt 0:00:19]} 49. c5+ {[%emt 0:00:14]} Kc6 {[%emt 0:00:03]} 50. b5+ {[%emt 0:00:05]} Kc7 {[%emt 0:00:49]} 51. a5 {[%emt 0:00:09]} Kb7 {[%emt 0:00:15]} 52. a6+ {[%emt 0:00:53]} Ka7 {[%emt 0:00:07]} 53. c6 {[%emt 0:00:12]} Kb6 {[%emt 0:00:05]} 54. Nc3 {[%emt 0:00:28]} Ng5 {[%emt 0:00:14]} 55. Nd5+ {[%emt 0:00:04]} 1-0

[Event "WGM Marmaris Cleopatra 2018"]
[Site "Mentese Mugla"]
[Date "2018.10.27"]
[Round "3.6"]
[White "Ince, Safiye Oyku"]
[Black "Zozulia, Anna"]
[Result "0-1"]
[WhiteElo "1855"]
[BlackElo "2292"]
[Annotator "TA"]
[PlyCount "80"]
[EventDate "2018.10.26"]
[EventType "tourn"]
[EventCountry "TUR"]
[SourceTitle "playchess.com"]
[Source "ChessBase"]
[SourceQuality "1"]

{[%evp 24,80,31,35,46,12,31,-26,-37,-54,-48,-52,-47,-82,-83,-83,-76,-97,-93,-93,-83,-83,-87,-87,-92,-89,-70,-104,-98,-122,-126,-141,-132,-135,-135,-158,-152,-175,-143,-269,-274,-341,-347,-350,-356,-348,-356,-335,-331,-488,-479,-793,-791,-985,-1020,-908,-1047,-1037,-959]} 1. e4 c5 2. Nf3 e6 3. d4 cxd4 4. Nxd4 Nc6 5. Nc3 d6 6. g3 Nf6 7. Bg2 Be7 8. O-O O-O 9. Nxc6 bxc6 10. e5 Nd5 11. exd6 {B80: Sicilian Scheveningen: 6 g3 and 6 Be3, including English Attack} Qxd6 12. Ne4 Qc7 13. c4 {LiveBook: 3 Games. White is slightly better.} Nb4 (13... Nf6 14. Qe2 e5 15. Bd2 Be6 16. Nxf6+ Bxf6 17. Bc3 Rfe8 18. Rfe1 Qb6 {1-0 (42) Baklan,V (2656)-Ahlander,B (2401) Koge 2014}) 14. Bd2 $146 ({Predecessor:} 14. Be3 Rd8 15. Qe2 Ba6 16. Rfd1 Rxd1+ 17. Rxd1 Nxa2 18. Nc5 Bxc5 19. Bxc5 {0-1 (40) Storms,L-Knoppert,E (2270) Dieren 1985}) 14... f5 15. Bxb4 (15. Nc3 $14) 15... Bxb4 $11 16. Qa4 Be7 17. Nc3 Rb8 18. Qxc6 Qxc6 19. Bxc6 Rxb2 20. Rab1 Rc2 21. Rfc1 Rxc1+ 22. Rxc1 {[#]} Rd8 $1 23. Rd1 Rxd1+ 24. Nxd1 $17 {[%mdl 4096] Endgame KBB-KBN} Bf6 25. Ne3 Kf7 26. Bb5 Ke7 27. c5 Bd4 28. c6 Kd6 29. Kg2 e5 30. Kf3 Be6 31. Nc4+ (31. a3 $17) 31... Kc5 $19 32. a4 Bd5+ ({Not} 32... Bxc4 33. Bxc4 Kxc6 34. Be6 $15) 33. Ke2 {intending c7.} Bxc6 ({Less strong is} 33... Bxc4+ 34. Bxc4 Kxc6 35. f3 $15) 34. Bxc6 Kxc6 {KB-KN} 35. f3 Kc5 36. Na5 (36. Nd2 $142) 36... Kb4 {Black is clearly winning.} 37. Nc6+ (37. Nb7 $142 Kxa4 38. Kd3) 37... Kxa4 38. Kd3 Kb5 39. Ne7 g6 40. f4 Kc5 {Precision: White = 20%, Black = 90%.} 0-1

[Event "WGM Marmaris Cleopatra 2018"]
[Site "Mentese Mugla"]
[Date "2018.10.27"]
[Round "3.7"]
[White "Soyunlu, Narmin"]
[Black "Tsatsalashvili, Keti"]
[Result "1/2-1/2"]
[WhiteElo "2014"]
[BlackElo "2330"]
[Annotator "TA"]
[PlyCount "91"]
[EventDate "2018.10.26"]
[EventType "tourn"]
[EventCountry "TUR"]
[SourceTitle "playchess.com"]
[Source "ChessBase"]
[SourceQuality "1"]

{[%evp 16,91,1,8,8,17,18,0,17,16,49,50,50,50,50,50,46,40,29,33,95,101,108,52,51,33,39,35,32,24,45,18,18,16,19,2,0,0,0,0,0,0,3,0,8,0,1,0,7,0,37,24,24,9,19,15,16,10,16,0,0,0,0,0,0,0,0,0,0,0,0,0,0,0,0,0,0,0]} 1. d4 Nf6 2. c4 e6 3. Nc3 Bb4 4. g3 c5 5. Nf3 cxd4 6. Nxd4 Ne4 7. Qd3 Nxc3 8. bxc3 Be7 9. Bf4 {LiveBook: 3 Games. Black should prevent Nb5. E20: Nimzo-Indian: 4 g3 and 4 f3} a6 $146 ({Predecessor:} 9... Nc6 10. Bg2 O-O 11. O-O g5 12. Bc1 Ne5 13. Qc2 Nxc4 14. e4 Qa5 15. Rb1 Na3 16. Bxa3 Qxa3 {½-½ (56) Nakamura,H (2774)-Karjakin,S (2776) Monte Carlo 2011}) 10. Bg2 d6 {aiming for ...e5.} 11. Nc2 O-O 12. Rd1 {[%cal Rf4d6]} Qa5 13. Bxd6 Bxd6 14. Qxd6 Qxc3+ 15. Rd2 $1 Qxc4 16. O-O {[%cal Bh1f1,Bf1c1,Bc1c6][%mdl 32]} Nc6 17. Ne3 Qb5 (17... Qc3 $14) 18. Rc1 $16 a5 19. Be4 ({Better is} 19. a3 $16) 19... Qb4 $14 20. Bxc6 (20. Nc4 {is interesting.} Qxd6 21. Rxd6 Ra6 22. a4 f6 23. Rb1) 20... bxc6 21. Qxb4 axb4 22. Rxc6 Rb8 23. f3 b3 {[#] White must now prevent ...b2.} 24. axb3 Rxb3 25. Nc4 Rc3 26. Ne5 Rxc6 27. Nxc6 $11 {[%mdl 4096] Endgame KRB-KRN} Bb7 28. Ne7+ Kh8 29. Rd7 Ba8 30. Rc7 g5 31. Nc6 f6 32. Kf2 Re8 33. Ne7 Rd8 34. Ke3 Bd5 {The position is equal.} 35. Nxd5 (35. Nc8 {keeps more tension.} h6 36. Nb6 Rd6 37. Nxd5 Rxd5 38. Rf7) 35... Rxd5 {KR-KR} 36. Re7 Rd6 37. Ke4 Kg8 38. h4 gxh4 39. gxh4 h5 40. Kf4 Ra6 41. e4 Kf8 42. Rh7 Ra5 43. Rb7 Ke8 44. Rh7 Rb5 45. Rg7 Kf8 46. Ra7 {Precision: White = 56%, Black = 66%.} 1/2-1/2

[Event "WGM Marmaris Cleopatra 2018"]
[Site "Mentese Mugla"]
[Date "2018.10.27"]
[Round "3.8"]
[White "Arda, Cagil Irmak"]
[Black "Tereladze, Sopiko"]
[Result "0-1"]
[WhiteElo "2096"]
[BlackElo "2161"]
[Annotator "NA"]
[PlyCount "150"]
[EventDate "2018.10.26"]
[EventType "tourn"]
[EventCountry "TUR"]
[SourceTitle "playchess.com"]
[Source "ChessBase"]
[SourceQuality "1"]
[TimeControl "5400+30"]

{[%evp 8,140,60,52,52,59,70,54,52,47,56,20,32,-5,-5,-30,24,19,14,20,70,10,56,60,66,94,118,36,95,99,97,103,106,56,33,0,27,-16,92,0,53,79,27,0,14,0,353,405,528,599,920,993,871,32767,32767,32767,62,32767,32767,32767,32767,26,66,0,99,101,109,257,164,0,32767,32767,32767,32767,32767,32767,32767,32767,32767,-213,32767,32767,32767,32767,32767,32767,-104,-138,-146,-168,-65,-232,-249,-280,-219,-230,-256,-280,-227,-217,-131,-255,-238,-269,-296,-249,-245,-206,32767,32767,32767,32767,0,-160,-220,-193,-337,-461,-378,-426,-398,-495,-541,-548,-6,-767,-1066,-874,-1463,32767,32767,32767,32767,-1400,-1030]} 1. e4 {[%emt 0:00:30]} e5 {[%emt 0:02:30]} 2. Nf3 {[%emt 0:00:00]} Nc6 {[%emt 0:00:30]} 3. Nc3 {[%emt 0:00:00]} d6 {[%emt 0:00:30]} 4. d4 {[%emt 0:00:30]} Bg4 {[%emt 0:00:30]} 5. d5 {[%emt 0:02:30]} Nd4 {[%emt 0:04:30] C46: 3 Nc3: Unusual Black 3rd moves} (5... Nce7 6. Be3 g6 7. Qd3 a6 8. Nd2 Bg7 9. f3 Bc8 10. O-O-O f5 11. Nc4 Nf6 12. Be2 O-O 13. Kb1 {0-1 (29) Lugovskoy,M (2431)-Inarkiev,E (2660) St Petersburg 2015}) 6. Be3 {[%emt 0:01:30]} Nxf3+ {[%emt 0:00:30]} 7. gxf3 {[%emt 0:00:00]} Bd7 {[%emt 0:00:30] LiveBook: 6 Games} 8. h4 $146 {[%emt 0:02:00]} ({Predecessor:} 8. f4 exf4 9. Bxf4 Ne7 10. Qd2 Ng6 11. Bg3 h5 12. f4 Be7 13. Rg1 {1-0 (65) Diamant,A (2472)-Rodriguez Vila,A (2524) Buenos Aires 2009}) 8... h5 {[%emt 0:08:30]} 9. Qd2 {[%emt 0:09:30]} Be7 {[%emt 0:01:30]} 10. Bg5 {[%emt 0:00:30]} Bxg5 {[%emt 0:01:30]} 11. hxg5 {[%emt 0:00:30]} a6 {[%emt 0:01:30]} 12. f4 {[%emt 0:04:30]} exf4 $1 {[%emt 0:01:30]} 13. Qxf4 {[%emt 0:00:00]} Qe7 {[%emt 0:04:30]} 14. O-O-O {[%emt 0:01:00]} (14. Qe3 $16) 14... O-O-O {[%emt 0:00:30]} 15. Be2 {[%emt 0:03:30]} g6 {[%emt 0:04:30]} 16. Qe3 {[%emt 0:01:30]} Kb8 {[%emt 0:00:30]} 17. f4 {[%emt 0:00:00]} Qe8 {[%emt 0:03:30]} 18. Qd4 {[%emt 0:06:00]} Ne7 {[%emt 0:00:00]} 19. Qb4 {[%emt 0:00:30]} Ka7 {[%emt 0:08:00]} 20. Qa3 {[%emt 0:18:30]} Nc8 {[%emt 0:10:30]} 21. b4 {[%emt 0:04:30]} Kb8 {[%emt 0:04:30]} 22. Rd4 {[%emt 0:03:30]} Nb6 {[%emt 0:05:30] [#]} (22... Na7 $11) 23. Qa5 {[%emt 0:03:30]} (23. b5 $1 $16 {[%cal Rb5a6]} axb5 24. Rb4) 23... Na4 {[%emt 0:04:30]} 24. Nxa4 {[%emt 0:04:30]} Bxa4 {[%emt 0:00:30] [#]} 25. c4 {[%emt 0:02:30]} (25. Kd2 $1 $16) 25... Bd7 {[%emt 0:03:30]} 26. c5 {[%emt 0:04:30]} Bc8 $2 {[%emt 0:09:02]} (26... Bb5 $1 $11 {and Black is okay.} 27. Bxb5 Qxb5) 27. c6 {[%emt 0:03:30]} ({Not} 27. cxd6 Rxd6 28. b5 b6 $11) 27... bxc6 {[%emt 0:07:20]} 28. Bxa6 {[%emt 0:05:52]} Qd7 {[%emt 0:08:55]} 29. Bxc8 {[%emt 0:18:04]} Rxc8 {[%emt 0:00:09]} 30. Rc4 {[%emt 0:00:52]} cxd5 {[%emt 0:00:28]} 31. exd5 {[%emt 0:00:13]} Kb7 {[%emt 0:03:05]} 32. Rc6 {[%emt 0:00:21]} Ra8 {[%emt 0:00:05]} 33. Qb5+ {[%emt 0:00:05]} Kc8 {[%emt 0:00:01]} 34. Rh2 {[%emt 0:00:56]} (34. Kb2 $16) 34... Kd8 {[%emt 0:02:29]} 35. Rhc2 {[%emt 0:00:22]} Rc8 {[%emt 0:00:08]} (35... Re8 $11) 36. Qc4 {[%emt 0:00:43]} Re8 {[%emt 0:00:42] [#]} 37. b5 $1 {[%emt 0:00:24]} Qe7 {[%emt 0:00:38]} 38. a4 $2 {[%emt 0:00:58]} (38. Kb2 $16 Qe4 {[#]} 39. Rxd6+ $1 {[%mdl 512]} (39. Rxc7 Qxc2+ 40. Qxc2 Rxc7 $11) 39... cxd6 40. Qxc8+ Ke7 41. Qc7+ Kf8 42. Qc4 (42. Qxd6+ Kg8 $16)) 38... Qe1+ {[%emt 0:00:35]} 39. Kb2 {[%emt 0:00:03]} Re4 {[%emt 0:00:11]} 40. Qc3 {[%emt 0:00:29]} Qxc3+ {[%emt 0:00:16]} 41. R2xc3 {[%emt 0:00:14]} Rxa4 {[%emt 0:00:12]} 42. Kb3 {[%emt 0:00:08]} Ra7 {[%emt 0:00:14]} 43. R3c4 {[%emt 0:00:52]} (43. Ra6 $17 {might work better.} Rca8 44. Rcc6) 43... Rb8 {[%emt 0:00:23]} 44. Rb4 {[%emt 0:00:12]} Rab7 {[%emt 0:00:18]} 45. Kc4 {[%emt 0:00:06]} Kd7 {[%emt 0:00:14]} 46. Ra6 {[%emt 0:00:03]} Re8 {[%emt 0:01:05]} 47. Kd3 {[%emt 0:00:17]} h4 {[%emt 0:00:42]} 48. Ra2 {[%emt 0:00:51] [#]} Rh8 {[%emt 0:00:33]} (48... h3 $1 $19 49. Rb3 Rh8) 49. Kc4 {[%emt 0:00:35]} (49. Ke3 $17) 49... h3 {[%emt 0:00:54]} 50. Rh2 {[%emt 0:00:04]} Rh4 {[%emt 0:00:15]} 51. Kb3 {[%emt 0:00:36]} Rb8 {[%emt 0:00:09]} 52. Kb2 {[%emt 0:01:26]} Ke7 {[%emt 0:00:44]} 53. Kb3 {[%emt 0:01:02]} Kf8 {[%emt 0:01:23] [#]} 54. Ka4 {[%emt 0:00:10]} (54. f5 $142 $1 {[%mdl 512]} Rh7 (54... gxf5 55. Rxh4) 55. fxg6 fxg6 56. Kc2) 54... Kg7 {[%emt 0:00:17]} 55. Rc4 {[%emt 0:00:19]} Ra8+ {[%emt 0:00:25]} 56. Kb3 {[%emt 0:00:17]} Ra1 {[%emt 0:00:20]} 57. Rxc7 {[%emt 0:01:48]} Rb1+ {[%emt 0:00:15]} 58. Ka4 {[%emt 0:00:23]} Rxf4+ {[%emt 0:00:07]} 59. Ka5 {[%emt 0:00:04]} Rf3 {[%emt 0:01:26]} (59... Rb3 $17 60. b6 Rf5) 60. Rd7 $2 {[%emt 0:01:07] [#]} (60. Kb6 $11) 60... Rg1 $1 {[%emt 0:00:49]} 61. Rxd6 {[%emt 0:00:24]} Rxg5 {[%emt 0:00:31]} 62. Rd8 {[%emt 0:00:38]} Rg2 {[%emt 0:00:11]} 63. Rh1 {[%emt 0:00:03]} h2 {[%emt 0:00:36]} 64. d6 {[%emt 0:00:20]} Rd3 {[%emt 0:00:22]} 65. d7 {[%emt 0:00:20]} g5 $2 {[%emt 0:00:47]} ({Black should play} 65... Rb2 $19 66. Kb6 g5) 66. b6 $2 {[%emt 0:00:29]} (66. Kb4 $17) 66... Rb2 {[%emt 0:00:08]} 67. Ka6 {[%emt 0:00:16]} g4 {[%emt 0:00:20]} 68. Rc8 {[%emt 0:00:44]} Rxd7 {[%emt 0:00:14]} 69. Rc4 {[%emt 0:00:05]} f5 {[%emt 0:00:09]} 70. Rc3 {[%emt 0:00:42]} Rd6 $19 {[%emt 0:00:17]} 71. Ka7 {[%emt 0:00:14]} Rdxb6 {[%emt 0:00:16]} 72. Rxh2 {[%emt 0:00:09]} Rb7+ {[%emt 0:00:12]} 73. Ka6 {[%emt 0:00:08]} Rxh2 {[%emt 0:00:04]} 74. Kxb7 {[%emt 0:00:00]} Kf6 {[%emt 0:00:10]} 75. Kc6 {[%emt 0:00:06]} Rd2 {[%emt 0:00:04]} 0-1

[Event "WGM Marmaris Cleopatra 2018"]
[Site "Mentese Mugla"]
[Date "2018.10.27"]
[Round "3.9"]
[White "Okuyaz, Duru"]
[Black "Abdulla, Khayala"]
[Result "0-1"]
[WhiteElo "2108"]
[BlackElo "2168"]
[Annotator "NA"]
[PlyCount "106"]
[EventDate "2018.10.26"]
[EventType "tourn"]
[EventCountry "TUR"]
[SourceTitle "playchess.com"]
[Source "ChessBase"]
[SourceQuality "1"]
[TimeControl "5400+30"]

{[%evp 8,106,54,43,57,46,56,50,69,67,74,57,60,60,73,58,55,49,60,51,56,52,143,148,159,52,147,128,131,136,151,143,162,8,31,-33,-27,-18,-10,-24,0,-21,0,-131,-89,-86,-69,-83,-30,-64,0,0,272,307,293,0,0,-31,-31,-34,-32,-39,32767,32767,32767,32767,-9,-121,-124,-164,-185,-185,32767,32767,32767,-195,-225,-310,0,-204,0,-298,-293,-314,-290,-306,-292,-819,-500,-731,-731,-692,-582,-12837,-29955,-29996,-29991,-29993,-29994,-29995,-29996]} 1. e4 {[%emt 0:00:30]} c5 {[%emt 0:03:30]} 2. Nf3 {[%emt 0:00:00]} a6 {[%emt 0:00:30]} 3. c4 {[%emt 0:00:00]} d6 {[%emt 0:01:30]} 4. d4 {[%emt 0:01:30]} cxd4 {[%emt 0:00:30]} 5. Nxd4 {[%emt 0:00:00]} Nf6 {[%emt 0:03:30]} 6. Nc3 {[%emt 0:00:00]} e6 {[%emt 0:00:30]} 7. Be2 {[%emt 0:00:30]} Qc7 {[%emt 0:00:30]} 8. O-O {[%emt 0:00:30]} Be7 {[%emt 0:00:30] B41: Sicilian: Kan Variation: 5 c4} (8... b6 9. Be3 Bb7 10. f3 Be7 11. Qd2 O-O 12. Rfc1 Rc8 13. Kh1 Nbd7 14. a4 Rab8 15. b4 Qd8 16. Nb3 Ba8 17. a5 bxa5 18. Nxa5 Rxb4 19. Nb5 axb5 20. Qxb4 bxc4 21. Rxc4 {1-0 (99) Duda,J (2671)-Artemiev,V (2653) Martuni 2016}) 9. Be3 {[%emt 0:00:30]} b6 {[%emt 0:00:00]} 10. f4 {[%emt 0:01:30]} Bb7 {[%emt 0:03:00]} 11. Qd3 {[%emt 0:01:30]} Nbd7 {[%emt 0:00:30]} 12. b4 {[%emt 0:00:30]} O-O {[%emt 0:00:30]} 13. Rac1 {[%emt 0:03:30] LiveBook: 11 Games} Rac8 {[%emt 0:01:30]} 14. g4 {[%emt 0:06:30]} Rfd8 {[%emt 0:13:30]} (14... h6 $14) 15. g5 {[%emt 0:03:30]} Ne8 $146 {[%emt 0:00:30]} ({Predecessor:} 15... Nc5 16. bxc5 dxc5 17. gxf6 gxf6 {1-0 (27) Marrero Lopez,Y (2281)-Suasnabar,J (2003) Bogota 2015}) 16. Qd2 {[%emt 0:02:30]} (16. Bg4 $18) 16... Bf8 {[%emt 0:16:30]} (16... d5 $1 $11) 17. f5 {[%emt 0:05:30]} exf5 {[%emt 0:01:30]} 18. Nd5 {[%emt 0:01:30]} Qb8 {[%emt 0:03:30]} 19. Nxf5 {[%emt 0:06:30]} Bxd5 {[%emt 0:00:30]} 20. Qxd5 {[%emt 0:00:30]} (20. exd5 $16 Ne5 21. Nd4) 20... Ne5 {[%emt 0:02:30]} 21. Bf4 {[%emt 0:04:30]} Nc7 {[%emt 0:01:30]} 22. Qd2 {[%emt 0:01:30]} Ne6 {[%emt 0:00:30]} 23. Bg3 {[%emt 0:00:30]} b5 {[%emt 0:07:30]} 24. c5 {[%emt 0:12:30]} Qa7 {[%emt 0:06:30]} (24... dxc5 $5 25. Qb2 $8 Nd4 26. Nxd4 Rxd4 $15) 25. Qb2 {[%emt 0:12:30]} (25. Qe3 $1 $11 {remains equal.}) 25... Nc6 {[%emt 0:05:30]} 26. Bf2 {[%emt 0:02:30]} (26. Bh5 $11 g6 27. Bxd6 Rxd6 28. Nxd6 Bxd6 29. Bg4) 26... dxc5 {[%emt 0:00:30]} 27. bxc5 {[%emt 0:01:30]} Nxg5 {[%emt 0:02:30]} 28. Be3 {[%emt 0:02:30]} Nxe4 {[%emt 0:04:47]} (28... Ne6 $17 29. Bg4 Qc7) 29. Bf3 {[%emt 0:01:30]} Re8 $2 {[%emt 0:00:19]} (29... Nf6 $1 $11 {and Black is okay.}) 30. Qg2 {[%emt 0:00:30]} Nf6 {[%emt 0:07:07] [#]} 31. Bxc6 $2 {[%emt 0:01:30]} (31. Bh6 $1 $18 {[%cal Rh6g7]} Bxc5+ 32. Kh1) 31... Rxe3 $1 {[%emt 0:00:32]} 32. Nxe3 {[%emt 0:01:30]} Bxc5 {[%emt 0:00:03]} 33. Kh1 {[%emt 0:07:58]} Bxe3 {[%emt 0:00:15]} 34. Rcd1 {[%emt 0:03:02]} Bd4 {[%emt 0:02:56]} 35. Rf4 {[%emt 0:01:31]} Be5 {[%emt 0:00:53]} 36. Rf5 {[%emt 0:03:36]} Qe3 {[%emt 0:00:41]} (36... Qb6 $15) 37. Rf3 {[%emt 0:02:47] [#]} (37. Qf3 $11 {keeps the balance.} Qc5 38. Bb7) 37... Qb6 $1 {[%emt 0:01:35]} 38. Rfd3 {[%emt 0:00:24]} g6 {[%emt 0:00:24]} 39. Bf3 {[%emt 0:01:25]} Rc4 {[%emt 0:00:56]} 40. Qe2 {[%emt 0:00:54]} Qc7 {[%emt 0:02:50]} 41. Re1 $1 {[%emt 0:03:50]} Bd6 $2 {[%emt 0:00:46]} ({Better is} 41... Rc5 $19 42. Qg2 Kg7) 42. Red1 $1 {[%emt 0:00:08]} Be5 {[%emt 0:00:54]} 43. Re1 {[%emt 0:00:15]} Bd6 {[%emt 0:01:18]} 44. Red1 {[%emt 0:00:07]} Bf4 {[%emt 0:00:28]} 45. Qb2 {[%emt 0:02:38]} Kg7 {[%emt 0:01:20]} 46. Rd7 {[%emt 0:00:23]} Rc2 {[%emt 0:00:51]} 47. Qd4 $2 {[%emt 0:01:32]} (47. Rxc7 Rxb2 48. Rb7) 47... Qxd7 {[%emt 0:02:01]} 48. Qxf4 {[%emt 0:00:19]} (48. Qxd7 $142 Nxd7 49. Rxd7) 48... Qh3 {[%emt 0:00:44]} 49. Bb7 {[%emt 0:01:06]} Qg4 {[%emt 0:01:16]} 50. Qd6 {[%emt 0:01:52]} Qe2 {[%emt 0:00:44]} 51. Ba8 {[%emt 0:00:30]} Ng4 {[%emt 0:00:25]} 52. Qd4+ {[%emt 0:00:05]} f6 {[%emt 0:00:11]} 53. Qd7+ {[%emt 0:01:24]} Kh6 {[%emt 0:00:04]} 0-1

[Event "WGM Marmaris Cleopatra 2018"]
[Site "Mentese Mugla"]
[Date "2018.10.27"]
[Round "3.10"]
[White "Isgandarova, Khayala"]
[Black "Dimitrijevic, Aleksandra"]
[Result "1-0"]
[WhiteElo "2194"]
[BlackElo "2189"]
[Annotator "TA"]
[PlyCount "81"]
[EventDate "2018.10.26"]
[EventType "tourn"]
[EventCountry "TUR"]
[SourceTitle "playchess.com"]
[Source "ChessBase"]
[SourceQuality "1"]

{[%evp 14,81,-30,-44,-18,-32,10,-30,-29,-25,-19,-33,-33,-36,-41,-43,-50,-62,-50,-39,-33,-70,-62,-59,-55,-37,-37,-54,-71,-51,-46,-67,29,32,162,161,244,232,352,353,341,338,341,359,357,358,352,337,679,669,655,647,29998,600,639,646,635,614,591,571,29983,29984,2970,751,751,751,739,739,721,715]} 1. e4 c5 2. Nc3 e6 3. d3 d5 4. g3 Nc6 5. Bg2 Nf6 6. Nge2 d4 7. Nb1 Be7 8. O-O O-O {B23: Closed Sicilian: Lines without g3} 9. f4 (9. Nf4 Rb8 10. a4 a6 11. Nh5 Ne8 12. g4 e5 13. f4 g6 14. Ng3 exf4 15. Bxf4 Bf6 16. Qf3 {0-1 (35) Tukpetov,E (2269)-Gormally,D (2498) Reading 2017}) 9... a6 10. a4 Rb8 {Black has an edge.} 11. h3 b5 12. axb5 $146 ({Predecessor:} 12. Nd2 e5 13. f5 Ne8 14. b3 f6 15. Nf3 Nd6 16. axb5 axb5 {0-1 (49) Zavorotko,N-Derjabin,I (2104) Alushta 1999}) 12... axb5 13. Nd2 {[%cal Bb1d2,Bd2f3,Bf3e1,Be1d3][%mdl 32]} Bb7 14. g4 Nd7 15. Ng3 Nb4 16. Nf3 Qb6 17. f5 c4 18. Kh1 {[%cal Bg1h1,Bh1h2,Bh2g3][%mdl 32]} cxd3 19. cxd3 Nc5 20. Ne1 Bh4 21. Bf4 Rbe8 22. Kh2 e5 (22... g5 $15 23. fxg6 fxg6) 23. Bd2 $1 $11 {[%cal Rd2b4]} Nbxd3 ({Of course not} 23... Ncxd3 $6 24. Nxd3 Nxd3 25. Ba5 $18) (23... Nc6 $14) 24. Nxd3 $18 Bxg3+ (24... Nxd3 $142 25. Ba5 Nxb2) 25. Kxg3 Nxe4+ (25... Nxd3 {keeps fighting.} 26. Ba5 Nxb2) 26. Bxe4 Bxe4 27. Bb4 Bxd3 28. Qxd3 e4 29. Qa3 d3 30. Bxf8 Qe3+ $2 (30... Rxf8 31. Qa7 Qd6+ 32. Kg2 Qe5) 31. Kg2 Rxf8 32. f6 h5 {[#] If Black can now play ...Rc8 this consolidates a bit.} 33. fxg7 (33. Qxf8+ $142 $1 {[%mdl 512]} Kxf8 34. Ra8#) 33... Rc8 {[#] ( -> ...Rc2+)} 34. Rac1 $3 {[%mdl 512]} Qd2+ (34... Rxc1 35. Qf8+) 35. Kg1 Qe3+ {[#]} 36. Kh2 $1 Re8 {intending ...hxg4.} 37. Qb3 Qa7 38. Qxb5 {White is clearly winning.} Qb8+ 39. Qxb8 Rxb8 40. Rce1 Rxb2+ 41. Kg3 {Precision: White = 61%, Black = 42%.} 1-0